[Event "Erlanger BSGW-Open 2012 30rd"]
[Site "Erlangen/Eltersd.(30.3.-1.4)"]
[Date "2012.03.30"]
[Round "1.24"]
[White "Rebhann, Leo"]
[Black "Adelhütte, Dennis"]
[Result "0-1"]
[WhiteElo "1517"]
[BlackElo "1936"]
[PlyCount "114"]
[EventDate "2012.04.??"]
[EventType "swiss"]
[EventRounds "5"]
[EventCountry "GER"]
[WhiteTeam "Höchstadt/A. SC"]
[BlackTeam "Erlangen 48/88 SC"]

1. d4 Nf6 2. c4 g6 3. Nc3 d5 4. Nf3 Bg7 5. e3 O-O 6. Be2 c6 7. O-O Bg4 8. Qb3
b6 9. h3 dxc4 10. Qxc4 Be6 11. Qd3 Nbd7 12. e4 Rc8 13. Be3 Qc7 14. Rfd1 Rfd8
15. Qd2 Qb7 16. Bd3 a6 17. Qe2 b5 18. a3 Nb6 19. Rac1 Bb3 20. Re1 Nc4 21. Bxc4
Bxc4 22. Qc2 Ne8 23. Red1 Nd6 24. b3 Be6 25. Qb1 Qc7 26. Ne2 Qa5 27. Qc2 Qxa3
28. Nd2 Nb7 29. Ra1 Qd6 30. Rxa6 Bd7 31. Ra7 Qb8 32. Rda1 e5 33. R7a6 exd4 34.
Bxd4 Bxd4 35. Nxd4 Qd6 36. N2f3 Nc5 37. Nxb5 Qe7 38. Ra7 cxb5 39. Qe2 Qxe4 40.
Qxe4 Nxe4 41. Ne5 Be6 42. b4 Rd5 43. f4 Rd4 44. Ra8 Rxa8 45. Rxa8+ Kg7 46. Nc6
Rd1+ 47. Kh2 Bd5 48. Ra6 Bxc6 49. Rxc6 Rd4 50. Rb6 Rxb4 51. Rb7 Kf6 52. h4 Rb1
53. g4 b4 54. Rb6+ Kg7 55. Rb7 b3 56. Re7 b2 57. Rxe4 Rh1+ 0-1

[Event "Erlanger BSGW-Open 2012 30rd"]
[Site "Erlangen/Eltersd.(30.3.-1.4)"]
[Date "2012.03.30"]
[Round "1.25"]
[White "Noble, Alexander"]
[Black "Wegmann, Sven"]
[Result "1-0"]
[WhiteElo "1902"]
[BlackElo "1477"]
[PlyCount "45"]
[EventDate "2012.04.??"]
[EventType "swiss"]
[EventRounds "5"]
[EventCountry "GER"]
[WhiteTeam "Bad Nauheim SC"]
[BlackTeam "Erlangen 48/88 SC"]

1. e4 c5 2. Nc3 Nc6 3. f4 d6 4. Bc4 g6 5. Nf3 Bg7 6. O-O e6 7. f5 exf5 8. d3
fxe4 9. dxe4 Nf6 10. Bf4 Bg4 11. Bxd6 Nd4 12. Bxc5 Nxf3+ 13. gxf3 Qc7 14. Qd6
Qxd6 15. Bxd6 Bd7 16. e5 Nh5 17. Nd5 Rc8 18. Bb3 b5 19. c3 a5 20. a4 Bf8 21.
Nc7+ Kd8 22. Nxb5 Bh3 23. Rfd1 1-0

[Event "Erlanger BSGW-Open 2012 30rd"]
[Site "Erlangen/Eltersd.(30.3.-1.4)"]
[Date "2012.03.30"]
[Round "1.26"]
[White "Kellmann, Andreas"]
[Black "Pranschke, Gerd"]
[Result "0-1"]
[WhiteElo "1488"]
[BlackElo "1882"]
[PlyCount "54"]
[EventDate "2012.04.??"]
[EventType "swiss"]
[EventRounds "5"]
[EventCountry "GER"]
[WhiteTeam "Büchenbach/Roth SG"]
[BlackTeam "Nürnberg Noris-Tarr. SC"]

1. e4 c5 2. Nf3 e6 3. Nc3 a6 4. d4 cxd4 5. Nxd4 Qc7 6. Bd3 Nf6 7. Qf3 Be7 8.
O-O O-O 9. Bf4 d6 10. Nb3 Nbd7 11. Rfe1 Rb8 12. a4 b6 13. Qe2 Ra8 14. Rad1 Bb7
15. e5 dxe5 16. Bxe5 Nxe5 17. Qxe5 Qxe5 18. Rxe5 Rfd8 19. h3 Rac8 20. Rd2 Bb4
21. a5 b5 22. Be4 Nxe4 23. Rxd8+ Rxd8 24. Nxe4 Rd1+ 25. Kh2 Re1 26. c3 Rxe4 27.
Rxe4 Bd6+ 0-1

[Event "Erlanger BSGW-Open 2012 30rd"]
[Site "Erlangen/Eltersd.(30.3.-1.4)"]
[Date "2012.03.30"]
[Round "1.27"]
[White "Seidel, Michael ProfDr(68)"]
[Black "Braun, Kristin"]
[Result "1-0"]
[WhiteElo "1924"]
[BlackElo "1480"]
[PlyCount "59"]
[EventDate "2012.04.??"]
[EventType "swiss"]
[EventRounds "5"]
[EventCountry "GER"]
[WhiteTeam "Hof PTSV SK"]
[BlackTeam "Forchheim SC"]

1. e4 d5 2. exd5 Nf6 3. c4 c6 4. d4 cxd5 5. Nc3 Nc6 6. Nf3 Bg4 7. cxd5 Nxd5 8.
Qb3 Bxf3 9. gxf3 Nxc3 10. bxc3 Qc7 11. d5 Na5 12. Qa4+ Kd8 13. Bd2 Rc8 14. Bh3
Qe5+ 15. Kf1 Qxd5 16. Bxc8 Kxc8 17. Qe8+ Qd8 18. Qxd8+ Kxd8 19. Be3 b6 20. Ke2
e5 21. Rhd1+ Kc7 22. f4 e4 23. Rd4 f5 24. Rad1 g6 25. Rd7+ Kb8 26. Bd4 Rg8 27.
Be5+ Ka8 28. Rd8+ Kb7 29. R1d7+ Ka6 30. Rf7 1-0

[Event "Erlanger BSGW-Open 2012 30rd"]
[Site "Erlangen/Eltersd.(30.3.-1.4)"]
[Date "2012.03.30"]
[Round "1.28"]
[White "Tong, Kevin"]
[Black "Semerow, Anatoli"]
[Result "0-1"]
[WhiteElo "1471"]
[BlackElo "1860"]
[PlyCount "106"]
[EventDate "2012.04.??"]
[EventType "swiss"]
[EventRounds "5"]
[EventCountry "GER"]
[WhiteTeam "Erlangen 48/88 SC"]
[BlackTeam "Erlangen Siemens SG"]

1. e4 d5 2. exd5 Qxd5 3. Nc3 Qd8 4. Bc4 Nf6 5. d3 e5 6. Nf3 Bg4 7. O-O Bd6 8.
Bg5 O-O 9. Re1 Nbd7 10. Qe2 Qc8 11. Rad1 Re8 12. Ne4 Nxe4 13. dxe4 Nb6 14. Bb3
Be6 15. Be3 Bxb3 16. axb3 Nd7 17. Nd2 Re6 18. Nb1 Nf8 19. Nc3 Rg6 20. Qf3 Ne6
21. Kh1 Qe8 22. Rd2 Nd4 23. Bxd4 exd4 24. Ne2 Qe5 25. Ng3 Re8 26. c3 dxc3 27.
bxc3 Qg5 28. Rdd1 Bxg3 29. hxg3 Rf6 30. Qe2 Qc5 31. Qe3 Qh5+ 32. Kg1 Rh6 33. f3
a6 34. Rd7 Qh2+ 35. Kf2 Rc6 36. Qd4 Qh5 37. Qd5 Qg6 38. c4 h6 39. Rd1 Ree6 40.
c5 b6 41. b4 a5 42. Rd8+ Kh7 43. Ra1 Rf6 44. bxa5 bxa5 45. Rxa5 Rce6 46. Ra4 c6
47. Qd3 Re5 48. Qd4 Rg5 49. Raa8 Qh5 50. Rh8+ Kg6 51. f4 Rxc5 52. f5+ Rcxf5+
53. exf5+ Qxf5+ 0-1

[Event "Erlanger BSGW-Open 2012 30rd"]
[Site "Erlangen/Eltersd.(30.3.-1.4)"]
[Date "2012.03.30"]
[Round "1.30"]
[White "Wegmann, Simon"]
[Black "Heppert, Lars"]
[Result "1-0"]
[WhiteElo "1519"]
[BlackElo "1849"]
[PlyCount "41"]
[EventDate "2012.04.??"]
[EventType "swiss"]
[EventRounds "5"]
[EventCountry "GER"]
[WhiteTeam "Erlangen 48/88 SC"]
[BlackTeam "Haunwöhr SV"]

1. e4 c5 2. f4 g6 3. d3 Bg7 4. Nc3 Nc6 5. Nf3 d6 6. h3 e5 7. Rb1 Nge7 8. Be3
Nd4 9. Be2 Bh6 10. Qd2 Nec6 11. Nd1 exf4 12. Bxf4 Nxc2+ 13. Kf2 Bxf4 14. Qxf4
O-O 15. Qh6 f5 16. Rf1 N2d4 17. Ng5 fxe4+ 18. Ke3 Nc2+ 19. Kd2 e3+ 20. Nxe3
Rxf1 21. Qxh7+ 1-0

[Event "Erlanger BSGW-Open 2012 30rd"]
[Site "Erlangen/Eltersd.(30.3.-1.4)"]
[Date "2012.03.30"]
[Round "1.39"]
[White "Koerber, Thomas(61)"]
[Black "Walter, Gabriele"]
[Result "1-0"]
[WhiteElo "1837"]
[BlackElo "971"]
[PlyCount "73"]
[EventDate "2012.04.??"]
[EventType "swiss"]
[EventRounds "5"]
[EventCountry "GER"]
[WhiteTeam "Fürth 1951 SF"]
[BlackTeam "Lauf/P. SV"]

1. Nf3 c5 2. e4 Nc6 3. Nc3 g6 4. g3 Bg7 5. Bg2 d6 6. O-O Nf6 7. d3 O-O 8. h3 b6
9. Be3 Be6 10. Ng5 Qd7 11. f4 d5 12. e5 Ne8 13. Nxe6 Qxe6 14. Nxd5 Rc8 15. Kh2
f6 16. exf6 Bxf6 17. Re1 Bxb2 18. Bc1 Qxe1 19. Qxe1 Bxa1 20. Qe6+ Kh8 21. Qxc8
Nd4 22. c3 Ne2 23. Bd2 Kg7 24. Qe6 Nd6 25. Qxe7+ Nf7 26. Qxe2 b5 27. Qd1 Bb2
28. Qb3 c4 29. dxc4 bxc4 30. Qxb2 Re8 31. Be3 Nd6 32. Bd4+ Kf8 33. Qb4 Re6 34.
Bc5 Kf7 35. Bxd6 Re2 36. Qb7+ Ke6 37. Qe7+ 1-0

[Event "Erlanger BSGW-Open 2012 30rd"]
[Site "Erlangen/Eltersd.(30.3.-1.4)"]
[Date "2012.03.31"]
[Round "2.1"]
[White "Pranschke, Gerd"]
[Black "Niedermeier, Thomas(90)"]
[Result "0-1"]
[WhiteElo "1882"]
[BlackElo "2096"]
[PlyCount "81"]
[EventDate "2012.04.??"]
[EventType "swiss"]
[EventRounds "5"]
[EventCountry "GER"]
[WhiteTeam "Nürnberg Noris-Tarr. SC"]
[BlackTeam "Ilmmünster SV"]

1. e4 Nf6 2. e5 Nd5 3. d4 d6 4. exd6 exd6 5. c4 Nb6 6. Bd3 Nc6 7. Be3 Be7 8.
Nf3 Nb4 9. Be2 Bf5 10. Na3 O-O 11. O-O c5 12. Qd2 Rc8 13. b3 Re8 14. Rac1 Nd7
15. Nb5 Nf6 16. Nc3 Qa5 17. a4 Ne4 18. Nxe4 Bxe4 19. Ng5 Bxg5 20. Bxg5 cxd4 21.
Bf4 Nc6 22. Rfd1 Qc5 23. Bd3 Bxd3 24. Qxd3 Nb4 25. Qg3 Re6 26. Bd2 Rce8 27. h3
Nc6 28. Qh4 Qa3 29. Rb1 Qa2 30. Bf4 Re4 31. Qg3 Ne5 32. Ra1 Qb2 33. Rab1 Qa3
34. f3 Re2 35. Kf1 Rb2 36. Bh6 Ng6 37. Bc1 Rxb1 38. Bxa3 Rxd1+ 39. Kf2 h5 40.
Qg5 h4 41. f4 0-1

[Event "Erlanger BSGW-Open 2012 30rd"]
[Site "Erlangen/Eltersd.(30.3.-1.4)"]
[Date "2012.03.31"]
[Round "2.2"]
[White "Seidel, Michael ProfDr(68)"]
[Black "Walter, Florian(93)"]
[Result "0-1"]
[WhiteElo "1924"]
[BlackElo "2076"]
[PlyCount "70"]
[EventDate "2012.04.??"]
[EventType "swiss"]
[EventRounds "5"]
[EventCountry "GER"]
[WhiteTeam "Hof PTSV SK"]
[BlackTeam "Lauf/P. SV"]

1. e4 g6 2. d4 Bg7 3. Nf3 d6 4. Nc3 Nd7 5. Be3 a6 6. a4 b6 7. Bc4 e6 8. Qd2 h6
9. h3 Bb7 10. O-O Ne7 11. Rfe1 Kf8 12. Nh2 Nf6 13. f3 d5 14. e5 Nd7 15. Bf1 c5
16. g4 Nc6 17. f4 h5 18. Nf3 hxg4 19. hxg4 cxd4 20. Bxd4 Nxd4 21. Qxd4 Kg8 22.
Kg2 Bf8 23. Qf2 Nc5 24. Bd3 Rc8 25. Nd4 Nxd3 26. cxd3 Bc5 27. Rh1 Rxh1 28. Rxh1
Bxd4 29. Qxd4 Rc4 30. Qf2 d4+ 31. Ne4 Bxe4+ 32. dxe4 d3 33. Kf3 Rc2 34. Qf1 d2
35. g5 Rc1 0-1

[Event "Erlanger BSGW-Open 2012 30rd"]
[Site "Erlangen/Eltersd.(30.3.-1.4)"]
[Date "2012.03.31"]
[Round "2.3"]
[White "Knoblauch, Leonhard"]
[Black "Lange, Carsten(65)"]
[Result "1-0"]
[WhiteElo "2116"]
[BlackElo "1899"]
[PlyCount "73"]
[EventDate "2012.04.??"]
[EventType "swiss"]
[EventRounds "5"]
[EventCountry "GER"]
[WhiteTeam "Ilmmünster SV"]
[BlackTeam "Zirndorf SK"]

1. e4 c5 2. Nf3 e6 3. d4 cxd4 4. Nxd4 Nc6 5. Nc3 Qc7 6. g3 a6 7. Bg2 Nf6 8. O-O
d6 9. a4 Be7 10. Be3 O-O 11. Qe2 Ne5 12. Rfd1 Bd7 13. Qe1 Nc4 14. Bc1 Rac8 15.
b3 Na5 16. Bb2 Rfe8 17. Rac1 Nc6 18. Nde2 Ne5 19. Qd2 Red8 20. Nd4 Rb8 21. Nce2
b5 22. axb5 axb5 23. Bc3 Rdc8 24. Bb4 Ne8 25. Ra1 Nc6 26. Nxc6 Bxc6 27. Nd4 Bf8
28. c3 Ra8 29. Qd3 Qb7 30. Nxc6 Qxc6 31. Rxa8 Rxa8 32. Bf1 Rb8 33. Bg2 Ra8 34.
Bf1 Rb8 35. h4 Ra8 36. Qxb5 Qxe4 37. Bg2 1-0

[Event "Erlanger BSGW-Open 2012 30rd"]
[Site "Erlangen/Eltersd.(30.3.-1.4)"]
[Date "2012.03.31"]
[Round "2.4"]
[White "Semerow, Anatoli"]
[Black "Seeger, Peter"]
[Result "0-1"]
[WhiteElo "1860"]
[BlackElo "2040"]
[PlyCount "24"]
[EventDate "2012.04.??"]
[EventType "swiss"]
[EventRounds "5"]
[EventCountry "GER"]
[WhiteTeam "Erlangen Siemens SG"]
[BlackTeam "Nürnberg Noris-Tarr. SC"]

1. e4 c5 2. Nf3 d6 3. d4 cxd4 4. Nxd4 Nf6 5. Nc3 a6 6. Be2 e5 7. Nf3 h6 8. O-O
Be6 9. a4 Be7 10. h3 O-O 11. Be3 Nc6 12. b3 Rc8 0-1

[Event "Erlanger BSGW-Open 2012 30rd"]
[Site "Erlangen/Eltersd.(30.3.-1.4)"]
[Date "2012.03.31"]
[Round "2.5"]
[White "Pikal, Alexander"]
[Black "Boss, Rolf"]
[Result "1/2-1/2"]
[WhiteElo "1904"]
[BlackElo "2063"]
[PlyCount "110"]
[EventDate "2012.04.??"]
[EventType "swiss"]
[EventRounds "5"]
[EventCountry "GER"]
[WhiteTeam "Ansbach SC"]
[BlackTeam "Bamberg 1868 SC "]

1. f4 c5 2. Nf3 Nc6 3. e3 g6 4. c3 Bg7 5. d4 cxd4 6. cxd4 d5 7. Nc3 e6 8. Bd3
Nge7 9. O-O O-O 10. Na4 b6 11. Bd2 Bb7 12. Rc1 Nf5 13. Qe2 Rc8 14. b4 Qd7 15.
b5 Nce7 16. Bb4 Rxc1 17. Rxc1 Rc8 18. Qd2 f6 19. Rxc8+ Bxc8 20. Nc3 Nd6 21. Qe2
Nef5 22. g4 Nh6 23. g5 Nhf5 24. gxf6 Bxf6 25. Ne5 Bxe5 26. fxe5 Nc4 27. Bxf5
exf5 28. Qf3 Kg7 29. Qg3 Qf7 30. Qg5 h6 31. Qd8 Be6 32. Be7 g5 33. Bf6+ Kg6 34.
Kf2 Kh5 35. Ne2 Kg4 36. Ng1 f4 37. exf4 Kxf4 38. Qe7 Qxe7 39. Bxe7 Bg4 40. Bf8
h5 41. Bh6 Kf5 42. Ke1 Kg6 43. Bf8 Bd7 44. a4 Kf5 45. Ne2 h4 46. Be7 h3 47. Nc3
g4 48. Bh4 Be6 49. Ke2 Bf7 50. Bf2 Ke6 51. Ke1 Bg6 52. Kd1 Nb2+ 53. Kd2 Nd3 54.
Bg3 Nb4 55. Ne2 Nd3 1/2-1/2

[Event "Erlanger BSGW-Open 2012 30rd"]
[Site "Erlangen/Eltersd.(30.3.-1.4)"]
[Date "2012.03.31"]
[Round "2.6"]
[White "Walter, Thomas(78)"]
[Black "Bilchinski, Anton"]
[Result "1/2-1/2"]
[WhiteElo "2055"]
[BlackElo "1864"]
[PlyCount "91"]
[EventDate "2012.04.??"]
[EventType "swiss"]
[EventRounds "5"]
[EventCountry "GER"]
[WhiteTeam "Erlangen 48/88 SC"]
[BlackTeam "Göggingen SK"]

1. c4 g6 2. g3 Bg7 3. Bg2 c5 4. Nc3 Nc6 5. Nf3 e5 6. d3 Nge7 7. O-O O-O 8. Ne1
d6 9. Nc2 f5 10. f4 Be6 11. Nd5 h6 12. Rb1 a5 13. Bd2 Nd4 14. Na3 Bxd5 15. cxd5
exf4 16. gxf4 Qe8 17. Nc4 b5 18. Nxa5 b4 19. Nc4 Nb5 20. e4 Bd4+ 21. Kh1 Rxa2
22. e5 Qd8 23. Re1 Kh7 24. Qf3 Rf7 25. Re2 Rg7 26. Be1 Qd7 27. Bh4 Ng8 28. Rbe1
Ra7 29. Bh3 Qc7 30. Rg2 Qb8 31. Bf2 Bxf2 32. Qxf2 Qc7 33. Rg3 Ne7 34. Qg2 Ra8
35. Rg1 Rag8 36. Qe2 Nxd5 37. exd6 Nxd6 38. Qe5 Nxc4 39. Qxd5 Nb6 40. Qe6 Qb7+
41. Bg2 Qc7 42. Re1 Rd8 43. Bh3 Rd6 44. Qe5 Re7 45. Qxe7+ Qxe7 46. Rxe7+
1/2-1/2

[Event "Erlanger BSGW-Open 2012 30rd"]
[Site "Erlangen/Eltersd.(30.3.-1.4)"]
[Date "2012.03.31"]
[Round "2.7"]
[White "Braun, Michael(01.90)"]
[Black "Bolduan, Sebastian"]
[Result "1/2-1/2"]
[WhiteElo "1900"]
[BlackElo "2025"]
[PlyCount "43"]
[EventDate "2012.04.??"]
[EventType "swiss"]
[EventRounds "5"]
[EventCountry "GER"]
[WhiteTeam "Büchenbach/Roth SG"]
[BlackTeam "Nürnberg Noris-Tarr. SC"]

1. Nf3 Nf6 2. c4 g6 3. Nc3 Bg7 4. g3 O-O 5. Bg2 d6 6. O-O Nc6 7. d3 e5 8. Rb1
h6 9. b4 a6 10. Ne1 Nh5 11. Nd5 Nd4 12. Nc2 Ne6 13. e4 c6 14. Nde3 Ng5 15. Ng4
Kh7 16. f4 Ne6 17. f5 Nd4 18. Nxd4 exd4 19. Qf3 Nf6 20. Nxf6+ Bxf6 21. Bh3 Kg7
22. Qf4 1/2-1/2

[Event "Erlanger BSGW-Open 2012 30rd"]
[Site "Erlangen/Eltersd.(30.3.-1.4)"]
[Date "2012.03.31"]
[Round "2.8"]
[White "Suess, Stefan(87)"]
[Black "Thier, Juergen(74)"]
[Result "0-1"]
[WhiteElo "1851"]
[BlackElo "2026"]
[PlyCount "82"]
[EventDate "2012.04.??"]
[EventType "swiss"]
[EventRounds "5"]
[EventCountry "GER"]
[WhiteTeam "Nürnberg Noris-Tarr. SC"]
[BlackTeam "Heidelberg SF"]

1. e4 c5 2. Nf3 Nc6 3. d4 cxd4 4. Nxd4 e5 5. Nb5 d6 6. N1c3 a6 7. Na3 Be7 8. g3
b5 9. Nd5 Nf6 10. Bg2 Nxd5 11. exd5 Nb8 12. c3 O-O 13. O-O f5 14. Nc2 a5 15. a4
bxa4 16. Rxa4 Bd7 17. Ra2 Bb5 18. Re1 Nd7 19. b4 axb4 20. Rxa8 Qxa8 21. Nxb4
Bf6 22. Bb2 Bc4 23. Qd2 Nb6 24. Nc6 e4 25. Ra1 Qe8 26. Nb4 Qb5 27. Rd1 Re8 28.
Ba3 Ra8 29. Bb2 Bb3 30. Ra1 Rxa1+ 31. Bxa1 Nxd5 32. Bf1 Qc5 33. Nxd5 Bxd5 34.
c4 Bf7 35. Bxf6 gxf6 36. Qc3 Kg7 37. Qc1 d5 38. g4 dxc4 39. g5 c3 40. gxf6+
Kxf6 41. Qh6+ Bg6 0-1

[Event "Erlanger BSGW-Open 2012 30rd"]
[Site "Erlangen/Eltersd.(30.3.-1.4)"]
[Date "2012.03.31"]
[Round "2.9"]
[White "Mehringer, Joerg"]
[Black "Nehls, Benedikt"]
[Result "1-0"]
[WhiteElo "1867"]
[BlackElo "1988"]
[PlyCount "76"]
[EventDate "2012.04.??"]
[EventType "swiss"]
[EventRounds "5"]
[EventCountry "GER"]
[WhiteTeam "Berlin Weisse Dame SC"]
[BlackTeam "Erlangen 48/88 SC"]

1. e4 c5 2. g3 d5 3. exd5 Qxd5 4. Nf3 Bg4 5. Bg2 Qe6+ 6. Kf1 Nf6 7. h3 Bf5 8.
d3 Qd7 9. Bf4 Nc6 10. Nc3 h6 11. Ne5 Nxe5 12. Bxe5 e6 13. Qf3 O-O-O 14. a4 Nd5
15. Nb5 b6 16. c4 f6 17. cxd5 fxe5 18. d6 Bxd3+ 19. Qxd3 Bxd6 20. Rd1 Bb8 21.
Qxd7+ Rxd7 22. Rxd7 Kxd7 23. Ke2 Rd8 24. Rd1+ Ke7 25. Rxd8 Kxd8 26. Kd3 Ke7 27.
Bb7 g5 28. Ke4 Kf6 29. Kf3 Kf7 30. Kg4 Kf6 31. Kh5 Kf5 32. Nc3 Bc7 33. Kxh6 Bd6
34. Be4+ Kf6 35. Bg6 Bf8+ 36. Kh5 c4 37. Ne4+ Ke7 38. Nxg5 Kd7 1-0

[Event "Erlanger BSGW-Open 2012 30rd"]
[Site "Erlangen/Eltersd.(30.3.-1.4)"]
[Date "2012.03.31"]
[Round "2.10"]
[White "Leidorf, Sebastian"]
[Black "Mann, Johannes"]
[Result "1/2-1/2"]
[WhiteElo "1991"]
[BlackElo "1840"]
[PlyCount "96"]
[EventDate "2012.04.??"]
[EventType "swiss"]
[EventRounds "5"]
[EventCountry "GER"]
[WhiteTeam "Bergwinkel SV"]
[BlackTeam "Forchheim SC"]

1. c4 Nf6 2. g3 g6 3. Bg2 Bg7 4. Nf3 O-O 5. O-O c5 6. Nc3 Nc6 7. d4 cxd4 8.
Nxd4 Ng4 9. e3 Nge5 10. b3 Nxd4 11. exd4 Nc6 12. Be3 d6 13. Qd2 Bd7 14. Rad1
Qc8 15. Bh6 Bh3 16. Rfe1 Bxg2 17. Kxg2 Re8 18. Re4 f5 19. Bxg7 fxe4 20. d5 Kxg7
21. dxc6 Qxc6 22. Qd4+ e5 23. Qe3 Red8 24. Rd5 Qd7 25. Nxe4 Qe7 26. Qd3 Rd7 27.
c5 Rad8 28. cxd6 Qf8 29. Nc5 Rxd6 30. Ne6+ Rxe6 31. Rxd8 Qf7 32. b4 Re7 33. a4
b6 34. Qe4 Qf6 35. Rd5 Kg8 36. a5 bxa5 37. bxa5 Kg7 38. Rb5 Kf8 39. Qf3 Qf5 40.
a6 Kg7 41. Rb7 Qe6 42. g4 Qd6 43. g5 Qe6 44. h4 Qd6 45. Rxe7+ Qxe7 46. Qd5 Kf8
47. f3 Qc7 48. Qa8+ Ke7 1/2-1/2

[Event "Erlanger BSGW-Open 2012 30rd"]
[Site "Erlangen/Eltersd.(30.3.-1.4)"]
[Date "2012.03.31"]
[Round "2.11"]
[White "Thuerauf, Peter"]
[Black "Minor, Viatcheslav"]
[Result "0-1"]
[WhiteElo "1851"]
[BlackElo "1983"]
[PlyCount "98"]
[EventDate "2012.04.??"]
[EventType "swiss"]
[EventRounds "5"]
[EventCountry "GER"]
[WhiteTeam "Nürnberg Süd SW"]
[BlackTeam "Eisenach SV"]

1. d4 d6 2. Nf3 h6 3. c4 g5 4. e4 Bg7 5. Nc3 g4 6. Nh4 e5 7. Nf5 Bxf5 8. exf5
h5 9. dxe5 Bxe5 10. f4 gxf3 11. Qxf3 Nc6 12. Be3 Nf6 13. Bg5 Nd4 14. Qd3 Qd7
15. Bxf6 Bxf6 16. Nd5 Be5 17. O-O-O O-O-O 18. g3 c6 19. Nc3 Qc7 20. Kb1 Kb8 21.
Ne2 Nxe2 22. Bxe2 Qb6 23. Qc2 f6 24. Rd3 Rde8 25. Bf3 Re7 26. Rhd1 h4 27. g4
Rhe8 28. Qd2 Qc5 29. Rc1 Rh8 30. b4 Qb6 31. Rd1 Rhe8 32. Rb3 Qd8 33. c5 d5 34.
b5 Ka8 35. Qg2 Rd7 36. Qd2 Qe7 37. Rc1 Bb8 38. a4 Qe5 39. h3 Qf4 40. Qd3 Qxa4
41. b6 a6 42. Ra3 Qb4+ 43. Ka2 Ree7 44. Rb3 Qf4 45. Rc2 Be5 46. Ra3 Kb8 47.
Rxa6 bxa6 48. Qxa6 Ra7 49. bxa7+ Rxa7 0-1

[Event "Erlanger BSGW-Open 2012 30rd"]
[Site "Erlangen/Eltersd.(30.3.-1.4)"]
[Date "2012.03.31"]
[Round "2.12"]
[White "Stadler, Alex"]
[Black "Koerber, Thomas(61)"]
[Result "1-0"]
[WhiteElo "2029"]
[BlackElo "1837"]
[PlyCount "43"]
[EventDate "2012.04.??"]
[EventType "swiss"]
[EventRounds "5"]
[EventCountry "GER"]
[WhiteTeam "Deggendorf SV"]
[BlackTeam "Fürth 1951 SF"]

1. Nf3 f5 2. c4 Nf6 3. Nc3 d6 4. d4 g6 5. g3 Bg7 6. Bg2 O-O 7. O-O Nc6 8. d5
Na5 9. Qd3 c5 10. b3 a6 11. Ng5 Rb8 12. Bb2 Ng4 13. h3 Ne5 14. Qc2 f4 15. gxf4
Rxf4 16. e3 Rh4 17. f4 Bf6 18. Nce4 Nf7 19. Nxf6+ exf6 20. Ne4 Bf5 21. Nxf6+
Qxf6 22. Bxf6 1-0

[Event "Erlanger BSGW-Open 2012 30rd"]
[Site "Erlangen/Eltersd.(30.3.-1.4)"]
[Date "2012.03.31"]
[Round "2.13"]
[White "Lais, Thomas"]
[Black "Unkelbach, Manfred"]
[Result "1-0"]
[WhiteElo "1950"]
[BlackElo "1827"]
[PlyCount "34"]
[EventDate "2012.04.??"]
[EventType "swiss"]
[EventRounds "5"]
[EventCountry "GER"]
[WhiteTeam "Nürnberg Süd SW"]
[BlackTeam "Stockstadt SC-SF"]

1. e4 c6 2. d4 d5 3. exd5 cxd5 4. c4 Nf6 5. Nc3 e6 6. Nf3 Be7 7. cxd5 Nxd5 8.
Bd3 O-O 9. O-O b6 10. Nxd5 Qxd5 11. Re1 Bb7 12. Be4 Qd7 13. Ne5 Qc8 14. d5 Rd8
15. Bxh7+ Kf8 16. Qh5 g6 17. Bh6+ Ke8 1-0

[Event "Erlanger BSGW-Open 2012 30rd"]
[Site "Erlangen/Eltersd.(30.3.-1.4)"]
[Date "2012.03.31"]
[Round "2.14"]
[White "Stuhler, Josef"]
[Black "Ammon, Tobias"]
[Result "0-1"]
[WhiteElo "1811"]
[BlackElo "1976"]
[PlyCount "114"]
[EventDate "2012.04.??"]
[EventType "swiss"]
[EventRounds "5"]
[EventCountry "GER"]
[WhiteTeam "Wertingen TSV"]
[BlackTeam "Altensittenbach SV"]

1. b3 d5 2. Bb2 Nf6 3. e3 Bf5 4. Nf3 c6 5. Be2 Nbd7 6. O-O e6 7. c4 h6 8. d4
Bd6 9. Nbd2 Ne4 10. c5 Bc7 11. b4 Nxd2 12. Qxd2 O-O 13. a4 Nf6 14. Rfc1 Ne4 15.
Qe1 Re8 16. Nd2 Qh4 17. g3 Qf6 18. Nxe4 Bxe4 19. Qf1 e5 20. Rd1 Bf3 21. Bxf3
Qxf3 22. dxe5 Bxe5 23. Bxe5 Rxe5 24. Rd4 Re4 25. Qd1 Qf5 26. Ra2 Rxd4 27. exd4
Re8 28. Rd2 Re4 29. Kg2 Qe6 30. Kf1 Qh3+ 31. Kg1 h5 32. Re2 Qg4 33. Rd2 Qxd1+
34. Rxd1 Re2 35. b5 Ra2 36. bxc6 bxc6 37. a5 Rxa5 38. Kg2 Ra4 39. Kf3 g5 40.
Ke3 a5 41. Rb1 Rb4 42. Rxb4 axb4 43. Kd3 Kg7 44. Kc2 Kf6 45. Kb3 Kf5 46. Kxb4
Ke4 47. Ka5 Kxd4 48. Kb6 Ke5 49. Kxc6 d4 50. Kb5 d3 51. c6 d2 52. c7 d1=Q 53.
c8=Q Qd5+ 54. Ka4 g4 55. Qh8+ Ke4 56. Qe8+ Kf3 57. Qe1 Qe4+ 0-1

[Event "Erlanger BSGW-Open 2012 30rd"]
[Site "Erlangen/Eltersd.(30.3.-1.4)"]
[Date "2012.03.31"]
[Round "2.15"]
[White "Bielmeier, Ludwig"]
[Black "Schwarz, Eduard"]
[Result "1-0"]
[WhiteElo "2014"]
[BlackElo "1801"]
[PlyCount "67"]
[EventDate "2012.04.??"]
[EventType "swiss"]
[EventRounds "5"]
[EventCountry "GER"]
[WhiteTeam "Deggendorf SV"]
[BlackTeam "Idstein Turm SG"]

1. Nf3 Nf6 2. g3 c5 3. Bg2 Nc6 4. O-O e5 5. c4 d5 6. cxd5 Nxd5 7. Nc3 Nb6 8. d3
Be7 9. b3 Be6 10. Bb2 O-O 11. Qd2 f5 12. Rac1 Rc8 13. Rfd1 a6 14. Qe3 Nd7 15.
h4 b5 16. Ng5 Bxg5 17. Qxg5 Nf6 18. Qd2 Qe7 19. e3 Rfd8 20. Qe1 Nb4 21. Qe2 e4
22. dxe4 fxe4 23. Nxe4 Nxe4 24. Bxe4 Nxa2 25. Rxd8+ Rxd8 26. Rd1 Rxd1+ 27. Qxd1
Bf7 28. Qg4 Be6 29. Qh5 h6 30. Qg6 Nb4 31. Qh7+ Kf8 32. Be5 Bxb3 33. Qh8+ Bg8
34. Bh7 1-0

[Event "Erlanger BSGW-Open 2012 30rd"]
[Site "Erlangen/Eltersd.(30.3.-1.4)"]
[Date "2012.03.31"]
[Round "2.16"]
[White "Kociurzynski, Andre"]
[Black "Wegmann, Simon"]
[Result "1-0"]
[WhiteElo "1949"]
[BlackElo "1519"]
[PlyCount "61"]
[EventDate "2012.04.??"]
[EventType "swiss"]
[EventRounds "5"]
[EventCountry "GER"]
[WhiteTeam "Fürth 1951 SF"]
[BlackTeam "Erlangen 48/88 SC"]

1. e4 e5 2. Nf3 Nc6 3. Bc4 Be7 4. O-O Nf6 5. Re1 d6 6. h3 h6 7. c3 Be6 8. Bf1
Qc8 9. d4 Bd7 10. b4 exd4 11. b5 Ne5 12. cxd4 Ng6 13. Nc3 O-O 14. Be3 Re8 15.
Qc2 c5 16. dxc5 dxc5 17. Nd2 b6 18. Nc4 Qc7 19. Rad1 Rad8 20. Qc1 Bf8 21. e5
Nh7 22. f4 Be6 23. Ne4 Be7 24. Ned6 Rf8 25. Qc2 Nh4 26. Bd3 g6 27. f5 gxf5 28.
Bxh6 Bxc4 29. Qxc4 Bxd6 30. exd6 Qxd6 31. Qxh4 1-0